书目信息 |
| 题名: |
未来与教育
|
|
| 作者: | 贺鸿琛 , 陈心五 主编 | |
| 分册: | ||
| 出版信息: | 北京 人民教育出版社 1993.9 |
|
| 页数: | 151页 | |
| 开本: | 20cm | |
| 丛书名: | ||
| 单 册: | ||
| 中图分类: | G521-53 , G4 | |
| 科图分类: | ||
| 主题词: | 教育改革--中国--文集 , 教育改革 , 教育 | |
| 电子资源: | ||
| ISBN: | 7-107-11115-9 | |
| 000 | 00872nam0 2200277 450 | |
| 001 | 1548251204 | |
| 005 | 20151110120223.89 | |
| 010 | @a7-107-11115-9@dCNY4.60 | |
| 010 | @a7-107-11116-7@b精装@dCNY8.30 | |
| 100 | @a19940307d1993 em y0chiy0110 ea | |
| 101 | 0 | @achi |
| 102 | @aCN@b110000 | |
| 105 | @af z 010yy | |
| 200 | 1 | @a未来与教育@9wei lai yu jiao yu@e纪念邓小平同志“三个面向”题词十周年@f贺鸿琛,陈心五主编 |
| 210 | @a北京@c人民教育出版社@d1993.9 | |
| 215 | @a151页@c彩照@d20cm | |
| 330 | @a本书共24篇文章,其中有《培养二十一世纪人》、《未来与教育》、《教育要面向现代化》等。 | |
| 606 | 0 | @a教育改革@y中国@x文集 |
| 606 | 0 | @a教育改革 |
| 606 | 0 | @a教育 |
| 690 | @aG521-53@v三版 | |
| 690 | @aG4@v4 | |
| 701 | 0 | @a贺鸿琛@9he hong chen@4主编 |
| 701 | 0 | @a陈心五@9chen xin wu@f(1935~)@4主编 |
| 801 | 0 | @aCN@bTSSF@c20150205 |
| 905 | @aZUCC@dG4@eJY357 | |
| 未来与教育:纪念邓小平同志“三个面向”题词十周年/贺鸿琛,陈心五主编.-北京:人民教育出版社,1993.9 |
| 151页:彩照;20cm |
| ISBN 7-107-11115-9:CNY4.60 |
| 本书共24篇文章,其中有《培养二十一世纪人》、《未来与教育》、《教育要面向现代化》等。 |
| ● |
| 相关链接 |
|
|
|
|
正题名:未来与教育
索取号:G4/JY357
 
预约/预借
| 序号 | 登录号 | 条形码 | 馆藏地/架位号 | 状态 | 备注 |
| 1 | 7865829 | 278658294 | 学院路分馆/ [索取号:G4/JY357] | 在馆 |